000 00574nam a22002410a 4500
001 PT32789
003 AR-LpoUNG
005 20210131230032.0
008 191001s1991||||ag |||||||||||||||||spa d
040 _aAR-LpoUNG
_bspa
_cAR-LpoUNG
_eaacr
041 _aspa
044 _aag
082 0 _aA861 693esp
100 1 _aTorres, Ana María
245 1 0 _aEspacio de luz
250 _a1ª ed.
260 _aBuenos Aires :
_bDunken,
_c1991.
650 4 _aLITERATURA
650 4 _aPOESIA
651 4 _aDOCUMENTOS TEORICOS O METODOLOGICOS
905 _a32789
942 _cLIB
999 _c999
_d999